Σχεδιασμός προϊόντων
Αποθηκεύτηκε σε:
| Άλλοι συγγραφείς: | |
|---|---|
| Μορφή: | Βιβλίο |
| Γλώσσα: | Greek |
| Δημοσίευση: |
Θεσσαλονίκη :
Τζιόλα,
c2021.
|
| Θέματα: | |
| Ετικέτες: |
Προσθήκη ετικέτας
Δεν υπάρχουν, Καταχωρήστε ετικέτα πρώτοι!
|
MARC
| LEADER | 00000cam a2200000 a 4500 | ||
|---|---|---|---|
| 001 | 1/124693 | ||
| 008 | 220413s2021####gr | ||| |||| ||gre|| | ||
| 020 | |a 9789604189328 | ||
| 040 | |a GR-MyUa |b gre |c GR-MyUa |e AACR2 | ||
| 041 | 0 | |a gre | |
| 082 | 7 | |a 658.5752 |2 (23) | |
| 245 | 0 | 0 | |a Σχεδιασμός προϊόντων / |c Παναγιωτής Κυράτσης... [κ.ά.]. |
| 260 | |a Θεσσαλονίκη : |b Τζιόλα, |c c2021. | ||
| 300 | |a 904 σ. : |b εικ. ; |c 30 εκ. | ||
| 500 | |a Περιλαμβάνει ευρετήριο. | ||
| 650 | 0 | |a New products | |
| 650 | 0 | |a Product design. | |
| 700 | 1 | |a Κυράτσης, Παναγιώτης. | |
| 920 | |a Εύδοξος |b Παραγγελία |y Σύρος-ΤΜΣΠΣ |z 2022-04 | ||
| 970 | |a Κοντού |b Παρασκευή |z 13/04/2022 | ||